|
|
|
|
| LEADER |
00810nam a22001817i 4500 |
| 005 |
20220302132805.0 |
| 008 |
170202s2017 gr g || 00| p gr d |
| 952 |
|
|
|0 0
|1 0
|2 ddc
|4 0
|6 889_140000000000000_ΚΑΡ
|7 0
|9 357247
|a LISP
|b LISP
|c DON
|d 2022-03-02
|e ΠΑΤ
|i 255654
|l 0
|o 889.14 ΚΑΡ
|p 025000291090
|r 2022-03-02 00:00:00
|t 1
|w 2022-03-02
|y BKN
|
| 999 |
|
|
|c 209053
|d 209053
|
| 020 |
|
|
|a 9789609470506
|
| 040 |
|
|
|a GR-PaULI
|b gre
|c GR-PaULI
|e AACR2
|
| 082 |
0 |
4 |
|2 23
|a 889.14
|
| 100 |
1 |
|
|9 190686
|a Καραγιαννίδου - Φυτσιλή, Ειρήνη
|e συγγραφέας.
|
| 245 |
1 |
0 |
|a Παραθαλάσσιο οικόπεδο /
|c Ειρήνη Καραγιαννίδου.
|
| 260 |
|
|
|a Θεσσαλονίκη :
|b Πανοπτικόν,
|c 2017.
|
| 300 |
|
|
|a 62 σ. ;
|c 21 εκ.
|
| 942 |
|
|
|2 ddc
|c BKN
|
| 998 |
|
|
|c ΜΠΟΥΡΑΣ
|d 2022-02
|